| 000 | 01319nam a22002535i 4500 | ||
|---|---|---|---|
| 001 | 162207 | ||
| 003 | ES-MaACL | ||
| 005 | 20250809062600.0 | ||
| 008 | 960201s1871 sp |||| | spa d | ||
| 080 | _a340.12 | ||
| 100 | 1 |
_aPisa Pajares, Francisco de la. _9131184 |
|
| 245 | 1 | 0 |
_aDiscurso leído en la solemne inauguración del curso académico de 1871 a 1872 en la Universidad Central / _cpor el doctor don Francisco Pisa Pajares, catedrático en la Facultad de Derecho. |
| 260 |
_aMadrid : _b[s.n.], _c1871 ( _fImp. José M. Ducazcal) |
||
| 300 |
_a61 p. ; _c26 cm. |
||
| 500 | _aTema del discurso: Diversidad de opiniones en materia de derecho; Si hay principios comunes a todas ellas; Cómo se llegará a la unidad (p. 8) | ||
| 530 | _aDisponible en formato digital. | ||
| 650 | 4 |
_aDerecho- _xFilosofía _911620 |
|
| 710 | 2 |
_aUniversidad Central (Madrid). _bFacultad de Derecho. _97090 |
|
| 852 | 4 |
_aES-MaACL _jL-4913(21-5) _z- Enc. hol. _z- Donación Roda |
|
| 852 | 4 |
_aES-MaACL _jT-120-F-10 _z- Enc. hol., falto de cub. original _z- Enc. en un vol. facticio |
|
| 852 | 4 |
_aES-MaACL _jT-152-F-2 _z- Enc. hol., falto de cub. original _z- Enc. en un vol. facticio |
|
| 856 | 4 |
_uhttp://bdh-rd.bne.es/viewer.vm?id=0000038194&page=1 _zBiblioteca Digital Hispánica |
|
| 999 |
_c162207 _d162207 |
||